| 000 | 00848nam a2200265Ia 4500 | ||
|---|---|---|---|
| 003 | OSt | ||
| 005 | 20221005103749.0 | ||
| 006 | a|||||r|||| 00| 0 | ||
| 007 | ta | ||
| 008 | 221004b |||||||| |||| 00| 0 hin d | ||
| 020 | _a9788192204512 (pbk) | ||
| 024 | _a5052 | ||
| 037 |
_bGift, 03/07/2013, _cTextual |
||
| 040 |
_aCRL _cCRL _bhin |
||
| 041 |
_2hin _ahin |
||
| 082 | _aO152,3NCH,SK, Q1 | ||
| 100 | _aचौहान, कैलाश चंद | ||
| 245 | 0 | _aसुबह के लिए | |
| 246 | _aSubah ke lie | ||
| 260 |
_aदिल्ली _bआरोही भारत _c2011 |
||
| 300 |
_a175पृ0 _ccm. |
||
| 650 | _aहिन्दी साहित्य | ||
| 942 |
_hO152,3NCH,SK, Q1 _cTEXL _2cc |
||
| 999 |
_c1010832 _d1010832 |
||